000 00738nam a2200289Ia 4500
005 20260324124539.0
008 008 260324s9999 xx 000 0 eng d
020 _a9780429105579
037 _aEBOOK
040 _aCRL
040 _beng
040 _cCRL
041 _2eng
041 _aeng
084 _qCRL
100 _aDaniel Minoli
_9972420
245 0 _a3D Television (3DTV) Technology, Systems, and Deployment
245 0 _bRolling Out the Infrastructure for Next-Generation Entertainment
260 _bTaylor and Francis
260 _c2010
365 _a
365 _b385
856 _uhttp://www.taylorfrancis.com/books/9780429105579
942 _cEBOOK
999 _c1769037
_d1769037